[Event "Wesel Undeloh op"]
[Site "Wesel Undeloh"]
[Date "2005.04.15"]
[Round "4"]
[White "Bobanac, Ivan"]
[Black "Handschmann, Karl Heinz"]
[Result "1-0"]
[WhiteElo "1693"]
[BlackElo "1477"]
[PlyCount "51"]
[EventDate "2005.04.14"]
[EventType "swiss"]
[EventRounds "7"]
[EventCountry "GER"]
[SourceTitle "EXT 2007"]
[Source "ChessBase"]
[SourceDate "2006.11.23"]
[SourceVersion "1"]
[SourceVersionDate "2006.11.23"]
[SourceQuality "1"]

1. e4 c5 2. Nf3 Nc6 3. Bc4 d6 4. 0-0 g6 5. c3 Bg7 6. d4 cxd4 7. cxd4 Bd7 8. Ng5 e6 9. d5 Ne5 10. dxe6 fxe6 11. Bxe6 h6 12. Bxd7+ Qxd7 13. Nf3 Ne7 14. Bf4 Nxf3+ 15. Qxf3 Bxb2 16. Nd2 Bxa1 17. Rxa1 Rf8 18. Qe3 g5 19. Bg3 b5 20. Nb3 Rd8 21. Rd1 Rf6 22. e5 Re6 23. Nc5 Nf5 24. Qb3 Qc8 25. Nxe6 Rd7 26. Nxg5 1-0

[Event "Wesel Undeloh op"]
[Site "Wesel Undeloh"]
[Date "2005.??.??"]
[Round "2"]
[White "Bobanac, Ivan"]
[Black "Lueders, Gerhard"]
[Result "0-1"]
[WhiteElo "1693"]
[BlackElo "2170"]
[PlyCount "74"]
[EventDate "2005.04.14"]
[EventType "swiss"]
[EventRounds "7"]
[EventCountry "GER"]
[SourceTitle "EXT 2007"]
[Source "ChessBase"]
[SourceDate "2006.11.23"]
[SourceVersion "1"]
[SourceVersionDate "2006.11.23"]
[SourceQuality "1"]

1. e4 c5 2. Nf3 d6 3. h3 Nc6 4. Bc4 g6 5. c3 Bg7 6. Qb3 e6 7. d3 Nge7 8. Bb5 0-0 9. Bxc6 Nxc6 10. 0-0 d5 11. Bf4 b6 12. Nbd2 h6 13. Rfe1 Ba6 14. exd5 exd5 15. Qa4 Qc8 16. Ne5 Nxe5 17. Bxe5 Bxd3 18. Bxg7 Kxg7 19. Nf3 Re8 20. Qf4 Be4 21. Re3 Qb8 22. Qxb8 Raxb8 23. Rae1 Kf8 24. Nd2 Bf5 25. Rxe8+ Rxe8 26. Rxe8+ Kxe8 27. f3 Kd7 28. Kf2 Kd6 29. Ke3 g5 30. g4 Bg6 31. f4 d4+ 32. cxd4 gxf4+ 33. Kxf4 cxd4 34. h4 f6 35. b3 Kd5 36. a3 Bd3 37. Kf3 Kc5 0-1